[Event "Syre Memorial op 43th"]
[White "Flom, Gabriel"]
[Black "Pellisseri, Michel"]
[Site "Issy les Moulineaux"]
[Round "3.2"]
[Result "1-0"]
[Date "2022.05.27"]
[WhiteElo "2480"]
[BlackElo "2005"]
[PlyCount "31"]
[EventDate "2022.05.27"]
[EventType "swiss"]
[EventRounds "7"]
[EventCountry "FRA"]
[SourceTitle "EXT 2023"]
[Source "ChessBase"]
[SourceDate "2022.10.05"]
[SourceVersion "1"]
[SourceVersionDate "2022.10.05"]
[SourceQuality "1"]

1. d4 Nf6 2. c4 g6 3. Nc3 d5 4. Bg5 Ne4 5. Bh4 Nxc3 6. bxc3 dxc4 7. e3 Be6 8. Nf3 Bg7 9. Be2 0-0 10. Qb1 Bc8 11. Bxc4 c5 12. 0-0 Nc6 13. Qb5 cxd4 14. cxd4 a6 15. Qc5 Re8 16. Bxf7+ 1-0

[Event "FRA-ch High Schools"]
[White "Leveque, Guillaume"]
[Black "Pellisseri, Michel"]
[Site "Asnieres sur Seine"]
[Round "8.7"]
[Result "1-0"]
[Date "2018.05.06"]
[WhiteElo "2180"]
[BlackElo "1940"]
[PlyCount "57"]
[EventDate "2018.05.12"]
[EventType "swiss (rapid)"]
[EventRounds "17"]
[EventCountry "FRA"]
[SourceTitle "EXT 2019"]
[Source "ChessBase"]
[SourceDate "2018.10.10"]
[SourceVersion "1"]
[SourceVersionDate "2018.10.10"]
[SourceQuality "1"]

1. e4 c5 2. Nc3 a6 3. f4 e6 4. Nf3 b5 5. d3 Bb7 6. g3 d6 7. Bg2 Nd7 8. 0-0 Ngf6 9. h3 Be7 10. Bd2 Qc7 11. Qe1 Nb6 12. a4 b4 13. Ne2 a5 14. b3 0-0-0 15. c3 Kb8 16. cxb4 cxb4 17. Ned4 Qd7 18. Be3 Na8 19. Nb5 Nc7 20. Ba7+ Ka8 21. Bb6 Nxb5 22. axb5 Rc8 23. Rxa5+ Kb8 24. Qxb4 d5 25. Qa4 Bc5+ 26. Bxc5 Rxc5 27. Ra1 Rhc8 28. Ne5 Rc1+ 29. Kh2 1-0

[Event "FRA-chT1 0910"]
[White "Pellisseri, Michel"]
[Black "Bressac, Stephane"]
[Site "France"]
[Round "5.5"]
[Result "0-1"]
[Date "2009.11.22"]
[WhiteElo "2100"]
[BlackElo "2144"]
[PlyCount "140"]
[EventDate "2009.09.27"]
[EventType "team-tourn"]
[EventRounds "11"]
[EventCountry "FRA"]
[SourceTitle "EXT 2011"]
[Source "ChessBase"]
[SourceDate "2010.11.26"]
[SourceVersion "1"]
[SourceVersionDate "2010.11.26"]
[SourceQuality "1"]

1. d4 d5 2. c4 c6 3. Nc3 Nf6 4. Nf3 dxc4 5. a4 Bf5 6. e3 e6 7. Ne5 Nbd7 8. Nxc4 Bb4 9. Bd3 Bxd3 10. Qxd3 Nc5 11. Qc2 Nb3 12. Rb1 Qd5 13. 0-0 Nxc1 14. Rfxc1 Bxc3 15. bxc3 c5 16. Rxb7 0-0 17. Rbb1 Qc6 18. Qd1 Rfd8 19. Ne5 Qe4 20. Qf3 cxd4 21. cxd4 Rdc8 22. Qxe4 Nxe4 23. Rxc8+ Rxc8 24. Nd7 Nc3 25. Ra1 Nxa4 26. h3 Rc7 27. Nb8 Nc3 28. Na6 Rb7 29. Ra3 Ne4 30. Ra2 h5 31. g3 g5 32. Kg2 g4 33. hxg4 hxg4 34. f3 Nc3 35. Rc2 Nd5 36. Rc8+ Kg7 37. fxg4 Rb2+ 38. Kf3 Rb3 39. Nc5 Rxe3+ 40. Kf2 Ra3 41. Rd8 Nf6 42. g5 Ng4+ 43. Kg2 Ne3+ 44. Kf2 Nd5 45. Rd7 Kg6 46. Ne4 Ra4 47. Nd6 a5 48. Nxf7 Rxd4 49. Ne5+ Kf5 50. Nf3 Rb4 51. Rf7+ Kg6 52. Ra7 Rb2+ 53. Kg1 Ra2 54. Ra6 Kf5 55. Nd4+ Kxg5 56. Nxe6+ Kg4 57. Nd4 Kxg3 58. Kf1 Kf4 59. Rd6 Ne3+ 60. Ke1 Nc4 61. Ne2+ Kf5 62. Nd4+ Kf4 63. Ne2+ Kg5 64. Rc6 Ra1+ 65. Kf2 Ne5 66. Rc5 Kf5 67. Ke3 Ra3+ 68. Kd2 Ke6 69. Nd4+ Kd6 70. Rd5+ Kxd5 0-1

[Event "FRA-chT1 0910"]
[White "Pellisseri, Michel"]
[Black "Guerin, Gilles"]
[Site "France"]
[Round "2.4"]
[Result "0-1"]
[Date "2009.10.17"]
[WhiteElo "2100"]
[BlackElo "2227"]
[PlyCount "118"]
[EventDate "2009.09.27"]
[EventType "team-tourn"]
[EventRounds "11"]
[EventCountry "FRA"]
[SourceTitle "EXT 2011"]
[Source "ChessBase"]
[SourceDate "2010.11.26"]
[SourceVersion "1"]
[SourceVersionDate "2010.11.26"]
[SourceQuality "1"]

1. d4 Nf6 2. c4 d6 3. Nf3 Nbd7 4. Nc3 e5 5. e4 g6 6. Be2 Bg7 7. 0-0 0-0 8. Re1 exd4 9. Nxd4 Re8 10. Bf1 Nc5 11. f3 c6 12. Be3 a5 13. Qd2 a4 14. Rad1 Qb6 15. Qf2 Bf8 16. Rb1 Qa5 17. Bd2 Qc7 18. b4 axb3 19. axb3 Bd7 20. b4 Ne6 21. Be3 Bg7 22. Rec1 Ra3 23. Nxe6 Bxe6 24. Bd4 Rea8 25. h3 Qe7 26. f4 Rxc3 27. Bxc3 Nxe4 28. Qe1 Nxc3 29. Rxc3 Bd4+ 30. Kh1 Bxc3 31. Qxc3 Bf5 32. Re1 Be4 33. Bd3 f5 34. Bxe4 fxe4 35. Qd4 Re8 36. Re3 Qe6 37. Kg1 d5 38. g4 dxc4 39. f5 Qd5 40. Qc3 b5 41. fxg6 hxg6 42. Qf6 Re6 43. Qh4 Qd4 44. Qe1 c5 45. bxc5 Qxc5 46. Kg2 b4 47. Qd2 c3 48. Qa2 Qc6 49. g5 c2 50. Re1 e3+ 51. Kh2 Qc7+ 52. Kg2 Qb7+ 53. Kh2 b3 54. Qa5 Qb8+ 55. Kg2 b2 56. Qd5 Qe5 57. Qa8+ Re8 58. Qa2+ Kh7 59. Qf7+ Qg7 0-1

[Event "FRA-chT2 0304"]
[White "Pellisseri, Michel"]
[Black "Moulin, Serge"]
[Site "France"]
[Round "4"]
[Result "1-0"]
[Date "2003.12.07"]
[WhiteElo "2120"]
[BlackElo "1869"]
[PlyCount "65"]
[EventDate "2003.10.??"]
[EventType "team-tourn"]
[EventRounds "11"]
[EventCountry "FRA"]
[SourceTitle "EXT 2005"]
[Source "ChessBase"]
[SourceDate "2004.11.15"]
[SourceVersion "1"]
[SourceVersionDate "2004.11.15"]
[SourceQuality "1"]

1. d4 Nf6 2. c4 e6 3. Nc3 Bb4 4. e3 Bxc3+ 5. bxc3 d6 6. Bd3 e5 7. Qc2 c5 8. Ne2 Nc6 9. 0-0 b6 10. f4 exf4 11. Nxf4 Ne7 12. e4 Ng6 13. Nxg6 hxg6 14. Bg5 Rxh2 15. Bxf6 gxf6 16. Kxh2 Be6 17. Qf2 f5 18. exf5 gxf5 19. Bxf5 Bxc4 20. Qe3+ Qe7 21. Qxe7+ Kxe7 22. Rae1+ Kf8 23. Rf2 Kg7 24. Re3 cxd4 25. cxd4 b5 26. Bd3 Rh8+ 27. Kg1 d5 28. Rg3+ Kf8 29. Bg6 Rh4 30. Rxf7+ Kg8 31. Rxa7 Rxd4 32. Bh7+ Kh8 33. Rg8# 1-0